00366cam a2200157ua 45000010005000000080039000050400009000440820012000532450018000652500012000832600043000953000015001386530012001536530018001657000025001835895131026n ii |||gr||||Z||||||asm cMAIN a954.162 aAssam Buranji a2nd ed. aGuwahati:bGovernment of Assam,c1991. axviii,67p. aHistory aAssam Buranji aDutta,S.K.,eEditor.